Phân tử, vận tốc, phản ứng

Những kiến thức cơ bản về bản chất của quá trình hoá học như: Những khái niệm, cơ sở lý thuyết của động hoá học, nguyên tắc điều khiển phản ứng, cấu tạo phân tử và khả năng phản ứng, các hoạt động của động hoá học

Bewaard in:
Bibliografische gegevens
Hoofdauteur: Nicôlaep, L.A.
Andere auteurs: Fađeep, G.N. (Tác giả), Hoàng Nhâm (Dịch)
Formaat: Boek
Taal:Vietnamese
Gepubliceerd in: H. Giáo dục 1978
Onderwerpen:
Tags: Voeg label toe
Geen labels, Wees de eerste die dit record labelt!
Thư viện lưu trữ: Mạng thư viện Đại học Đà Nẵng
LEADER 01477nam a22003738a 4500
001 000008309
003 4495
005 20111117101121.0
008 111014s1978 b 000 0 vieod
020 |c 5500đ  |d 20.000b 
041 0 |a vie 
082 |a 539.6  |b NI-L 
084 |a D 
100 1 |a Nicôlaep, L.A. 
245 1 0 |a Phân tử, vận tốc, phản ứng  |c L.A. Nicôlaep, G.N. Fađeep ; Dịch: Hoàng Nhâm 
260 |a H.  |b Giáo dục  |c 1978 
300 |a 180tr  |c 21cm 
520 |a Những kiến thức cơ bản về bản chất của quá trình hoá học như: Những khái niệm, cơ sở lý thuyết của động hoá học, nguyên tắc điều khiển phản ứng, cấu tạo phân tử và khả năng phản ứng, các hoạt động của động hoá học 
653 |a Hoá học 
653 |a động hoá học 
653 |a cấu tạo phân tử 
700 1 |a Fađeep, G.N.  |e Tác giả 
700 1 |a Hoàng Nhâm  |e Dịch 
910 |a Nguyễn Thị Kim Oanh  |d 14/10/2011 
OWN |a LSP 
AVA |a UDN50  |b LSP  |d 539.6 NI-L  |e unavailable  |t Error 5002 Not defined in file expand_doc_bib_avail.  |f 3  |g 3  |h N  |i 0  |k 1 
999 |a From the UDN01 
AVA |a UDN50  |b LSP  |d 539.6 NI-L  |e unavailable  |t Error 5002 Not defined in file expand_doc_bib_avail.  |f 3  |g 3  |h N  |i 0  |k 1 
TYP |a Monograph 
TYP |a Printed language 
980 |a Mạng thư viện Đại học Đà Nẵng